La ciencia y su promoción en la República Federal de Alemania / (Registro nro. 8399)

Detalles MARC
000 -CABECERA
Campo de control interno 01862nam a2200253Ia 4500
008 - ELEMENTOS DE LONGITUD FIJA - INFORMACIÓN GENERAL
Campo de control de longitud fija 260220t1986||||xx |||||||||||||| ||spa||
040 ## - FUENTE DE CATALOGACIÓN
Agencia de catalogación original PY-SlUNAC
Idioma de catalogación spa
Convenciones de descripción rda
041 ## - CÓDIGO DE IDIOMA
Código de idioma para texto/pista de sonido o título separado spa
082 ## - NÚMERO DE CLASIFICACIÓN DECIMAL DEWEY
Clasificación Decimal Dewey (CDD) 609
Clasificación Expansiva de Cutter (EC) M388c
100 ## - ASIENTO PRINCIPAL - NOMBRE PERSONAL
Nombre personal Massow, Valentin Von
Rol del autor Autor
245 #0 - TÍTULO
Título La ciencia y su promoción en la República Federal de Alemania /
Mención de responsabilidad por Valentin Von Massow [Autor]
250 ## - MENCIÓN DE EDICIÓN
Mención de edición Segunda edición
264 ## - PIE DE IMPRENTA
Lugar [Lugar de publicación no identificado] :
Editorial Inter Nationes Bonn,
Año ℗1986.
300 ## - DESCRIPCIÓN FÍSICA
Páginas 1 volumen
520 ## - NOTA DE RESUMEN
Nota de resumen El libro "La ciencia y su promoción en la República Federal de Alemania" de Valentin Von Massow ofrece un análisis profundo sobre las dinámicas de la investigación científica y su financiamiento en el contexto alemán de la década de 1980. Massow examina las políticas gubernamentales y las estructuras institucionales que han influido en el desarrollo científico, subrayando la importancia de la cooperación entre el sector público y privado. A lo largo de la obra, se destacan los desafíos que enfrenta la ciencia, como la necesidad de adaptarse a las demandas sociales y económicas, así como la competencia internacional. El autor también aborda la formación de investigadores y la promoción de la innovación, proponiendo estrategias para fortalecer el sistema científico. Con un enfoque crítico y analítico, el libro contribuye a la comprensión de la relación entre ciencia, política y sociedad, ofreciendo una visión integral sobre cómo la República Federal de Alemania busca posicionarse en el ámbito global del conocimiento y la tecnología.
651 ## - MATERIA - NOMBRE GEOGRÁFICO
Materia - nombre geográfico Alemania
653 ## - MATERIA - TÉRMINO TEMÁTICO NO CONTROLADO (PALABRAS CLAVE)
Materia - término temático no controlado (palabras clave) Ciencia
653 ## - MATERIA - TÉRMINO TEMÁTICO NO CONTROLADO (PALABRAS CLAVE)
Materia - término temático no controlado (palabras clave) Promoción de la ciencia
942 ## - ELEMENTOS PERSONALIZADOS (KOHA)
Fecha catalogación 2026/02/17
Tipo de documento Libros
Existencias
Fuente de Clasificacion Colección Ubicacion permanente Biblioteca actual Fecha de Ingreso a la Biblioteca Origen de adquisición Enumeración en serie / cronología Código de ubicación Código de barras Tipo de Item KOHA Nota pública
Dewey Decimal Classification Colección General (CG) Biblioteca e Internet, Facultad de Ciencias Exactas y Naturales Biblioteca e Internet, Facultad de Ciencias Exactas y Naturales 02/20/2026 Donación 2aEd. 609 M388c CG1759 Libros Material disponible en la Biblioteca e Intenet, Campus UNA, San Lorenzo.